| 000 | 00751nam a2200229 a 4500 | ||
|---|---|---|---|
| 003 | MX-MxUPN | ||
| 005 | 20241001063845.0 | ||
| 008 | 991125s1936 ag fr 000 0 spa d | ||
| 035 | _aUPN01000007763 | ||
| 040 |
_aMX-MxUPN _bspa _cMX-MxUPN |
||
| 041 | _aspa | ||
| 050 | 4 |
_aD16.2 _bB3.2 |
|
| 100 | 1 |
_aBassi, Angel C. _953657 |
|
| 245 | 1 | 0 |
_aCiencia histórica y filosofía de la historia : _bespíritu y método de su enseñanza |
| 260 |
_aBuenos Aires : _bTalleres Gráficos Argentinos, _c1936. |
||
| 300 | _a96 páginas | ||
| 650 | 4 |
_aHistoria _xEstudio y enseñanza _96447 |
|
| 650 | 4 |
_aHistoria _xFilosofía _96938 |
|
| 710 | 2 |
_aInstituto Nacional de Pedagogía (México) _epropietario anterior _928088 |
|
| 905 | _aLibro | ||
| 942 |
_2lcc _cLIBRO _n0 |
||
| 999 |
_c7763 _d7763 |
||